Koncepčný návrh elektrickej hnacej sústavy pre skúter

Gespeichert in:
Bibliographische Detailangaben
1. Verfasser: Fajnorová, Michaela (Verfasst von)
Weitere Verfasser: Danko, Ján (Betreuung Doktorarbeit)
Format: Manuskript Buch
Sprache:Slowakisch
Veröffentlicht: 2020
Schlagworte:
Online-Zugang:http://is.stuba.sk/zp/portal_zp.pl?podrobnosti=144388
Tags: Tag hinzufügen
Keine Tags, Fügen Sie das erste Tag hinzu!

MARC

LEADER 00000ntm a22000003a 4500
001 stuzp74811
003 SK-STU
005 20200711210302.4
007 ta
008 150427s2015----xo-----f-mn---000-0-slo-d
040 |a STU  |b slo 
041 0 |a slo 
100 1 |a Fajnorová, Michaela  |u 020030  |4 aut  |U SjF Strojnícka fakulta  |T SjF Ústav dopravnej techniky a konštruovania  |X 81343  |U J0030  |Y 806  |7 81343 
242 0 1 |a Conceptual design of electric powertrain for small motorbike  |y eng 
245 1 0 |a Koncepčný návrh elektrickej hnacej sústavy pre skúter 
260 |c 2020 
650 4 |a electric scooter  |2 eng 
650 4 |a electric motor  |2 eng 
650 4 |a timing belt  |2 eng 
650 4 |a elektrický skúter  |2 slo 
650 4 |a elektromotor  |2 slo 
650 4 |a ozubený remeň  |2 slo 
700 1 |a Danko, Ján  |u 020030  |k Z1  |4 ths  |U SjF Strojnícka fakulta  |T SjF Ústav dopravnej techniky a konštruovania  |X 3691  |U J0030  |Y 806  |7 A000003691 
856 4 |u http://is.stuba.sk/zp/portal_zp.pl?podrobnosti=144388